The poetics of indeterminacy: Rimbaud to cage
সংরক্ষণ করুন:
| প্রধান লেখক: | |
|---|---|
| বিন্যাস: | গ্রন্থ |
| ভাষা: | ইংরেজি |
| প্রকাশিত: |
Princeton
Princeton University Press
1981
|
| বিষয়গুলি: | |
| ট্যাগগুলো: |
ট্যাগ যুক্ত করুন
কোনো ট্যাগ নেই, প্রথমজন হিসাবে ট্যাগ করুন!
|
MARC
| LEADER | 00000nam a2200000 a 4500 | ||
|---|---|---|---|
| 001 | UCW0331 | ||
| 003 | CL-VaPUC | ||
| 008 | 930510e19810000US |||||||||||||||||eng|d | ||
| 082 | 0 | 4 | |a 811.09 |b PER |2 21 |
| 100 | 0 | |a Perloff, Marjorie |e author |9 304265 | |
| 245 | 1 | 4 | |a The poetics of indeterminacy: Rimbaud to cage |
| 300 | |a 346 p | ||
| 942 | |c BK | ||
| 945 | |d 19930510 00:00:00 | ||
| 260 | |a Princeton |b Princeton University Press |c 1981 | ||
| 600 | 0 | 7 | |a RIMBAUD, JEAN NICOLAS ARTHUR |2 CL-VaPUC |9 269466 |
| 650 | 0 | |a Poesía estadounidense |9 265065 | |
| 650 | 0 | |a Historia y crítica, siglo 20 |9 269384 | |
| 583 | |a last modification |c 20120528 09:01:13 |k Rodrigo Vera | ||
| 999 | |c 215537 |d 215535 | ||
| 952 | |0 0 |1 0 |4 0 |6 811_090000000000000_PER_1981 |7 0 |8 A |9 199880 |a BIBEDU |b BIBEDU |d 2019-11-14 |i 2671611 |o 811.09 PER 1981 |p 2671611 |r 2019-11-14 |w 2019-11-14 |y BK |k LIT | ||